|
000
|
01206nam0 2200253 450
|
|
001
|
012025000486
|
|
005
|
20250705095551.1
|
|
010
|
|
@a978-7-5763-5307-5@dCNY79.80
|
|
100
|
|
@a20250609d2025 em y0chiy50 ea
|
|
101
|
0
|
@achi
|
|
102
|
|
@aCN@b110000
|
|
105
|
|
@aak z 000yy
|
|
106
|
|
@ar
|
|
200
|
1
|
@a超简单@Achao jian dan@e用Python+DeepSeek+AI让Excel飞起来@f快学习教育编著
|
|
210
|
|
@a北京@c北京理工大学出版社@d2025.4
|
|
215
|
|
@a229页@c图@d21cm
|
|
330
|
|
@a本书共9章, 可大致划分为3个部分。第1部分是第1-4章, 主要讲解Python编程和AI辅助编程的基础知识和基本操作。第2部分是第5-8章, 以案例的形式依次讲解了如何通过Python编程完成工作簿、工作表、行、列和单元格的批量处理, 并高效进行数据的处理、分析与可视化。第3部分是第9章, 通过一个实战案例探索如何使用DeepSeekR1作为编程助手, 弥补个人技能和经验上的不足。
|
|
517
|
1
|
@a用Python+DeepSeek+AI让Excel飞起来@Ayong Python+DeepSeek+AI rang Excel fei qi lai
|
|
606
|
0
|
@a程序语言@Acheng xu yu yan@x程序设计@x应用@x表处理软件
|
|
606
|
0
|
@a人工智能@Aren gong zhi neng@x应用@x表处理软件
|
|
690
|
|
@aTP391.1@v5
|
|
711
|
02
|
@a快学习教育@Akuai xue xi jiao yu@4编著
|
|
801
|
0
|
@aCN@bCDNYKJZYXY@c20250609
|
|
905
|
|
@aCDNYKJZYXY@b300729423-24@dTP391.1@e391@f2
|
|
|
|
|
| |
| 超简单:用Python+DeepSeek+AI让Excel飞起来/快学习教育编著.-北京:北京理工大学出版社,2025.4 |
| 229页:图;21cm |
| |
| |
| ISBN 978-7-5763-5307-5:CNY79.80 |
| 本书共9章, 可大致划分为3个部分。第1部分是第1-4章, 主要讲解Python编程和AI辅助编程的基础知识和基本操作。第2部分是第5-8章, 以案例的形式依次讲解了如何通过Python编程完成工作簿、工作表、行、列和单元格的批量处理, 并高效进行数据的处理、分析与可视化。第3部分是第9章, 通过一个实战案例探索如何使用DeepSeekR1作为编程助手, 弥补个人技能和经验上的不足。 |
| ● |
正题名:超简单
索取号:TP391.1/391
 
预约/预借
| 序号
|
登录号
|
条形码
|
馆藏地/架位号
|
状态
|
备注
|
|
1
|
729423
|
300729423
|
海科-1楼/海科-1楼5架9列1层/
[索取号:TP391.1/391]
|
在馆
|
|
|
2
|
729424
|
300729424
|
海科-1楼/海科-1楼5架9列1层/
[索取号:TP391.1/391]
|
在馆
|
|